000 00436nam a2200157Ia 4500
008 180420s9999 xx 000 0 und d
040 _aPK-NaQUE
100 _a14CE11
100 _aFaizan Ahmed Memon
245 0 _aFlexural Behaviour of RCC Beam By Using Fly Ash As a Partial Replacement of Fine aggregate
260 _aNawabshah
260 _bQUEST
260 _c2014
300 _a32
700 _aDepartment Of Civil Engineering
999 _c58457
_d58454